000 00372nam a2200145Ia 4500
008 240729s9999 xx 000 0 und d
022 _a1801-0571
245 0 _aAgricultura Tropica et Subtropica
260 _aPoland
260 _bSciendo
650 _aAgriculture
856 _uhttps://doaj.org/toc/f005184fd7374c34ab518f260e92ed27
942 _2ddc
942 _cDOAJEJ
999 _c68538
_d68538
945 _a1
_bMadushi Gamage
_c1
_dMadushi Gamage